[Event "RUS-chT 03rd"]
[Site "Kazan"]
[Date "1995.??.??"]
[Round "4"]
[White "Khalifman, Alexander"]
[Black "Filippov, Valerij"]
[Result "1-0"]
[WhiteElo "2655"]
[BlackElo "2510"]
[Annotator "Khalifman,A"]
[PlyCount "79"]
[EventDate "1995.??.??"]
[EventType "team-tourn"]
[EventRounds "9"]
[EventCountry "RUS"]
[SourceTitle "CBM 051"]
[Source "ChessBase"]
[SourceDate "1996.04.01"]
[SourceVersion "1"]
[SourceVersionDate "1996.04.01"]
[SourceQuality "1"]
[WhiteTeam "Novosibirsk New Siberia"]
[BlackTeam "Kemerovo SDYuShOR Politekhnik"]
[WhiteTeamCountry "RUS"]
[BlackTeamCountry "RUS"]

1. d4 {Konikowski Dolmatov} d5 2. c4 c6 3. Nc3 e6 4. e4 dxe4 5. Nxe4 Bb4+ 6.
Bd2 Qxd4 7. Bxb4 Qxe4+ 8. Be2 Ne7 (8... c5 {Dolmatov} 9. Bxc5 Qxg2 10. Qd4 Nd7
11. Bf3 Qg5 12. Bb4 Qe5+ 13. Ne2 $44) (8... Na6 {Dolmatov} 9. Bc3 (9. Bd6 {
Konikowski} e5 (9... b6 10. Nf3 Bb7 11. Ne5 f6 12. O-O fxe5 13. Bh5+ g6 14. Re1
Qxc4 15. Bxe5 Nf6 16. Bxf6 O-O 17. Bc3 c5 (17... gxh5 $2 18. Re3 h4 19. Qh5 Rf5
(19... Rf4 20. Qg5+ Kf7 21. b3 Qd5 22. Qxf4+ Qf5 23. Qxh4 $18) 20. Qh6 Rf7 21.
Re5 Rg7 22. Rg5 Rxg5 23. Qxg5+ Kf7 24. Qg7+ Ke8 25. Rd1 $18) 18. Bg4 Bd5 19.
Rc1 Nb4 {Akmadulin-Arzumian/corr/1991/93/} 20. Bg7 $5 Qxa2 21. Bxf8 Rxf8 22.
Qe2 $13) 10. Nf3 f6 11. O-O Bf5 12. Rc1 c5 13. Nxe5 $1 fxe5 14. Bh5+ Bg6 15.
Bf3 Qf5 (15... Qd4 16. Qa4+ Kf7 17. Qd7+ Kf6 18. Rfd1 Qxb2 19. Bf8 $1 Rxf8 20.
Rd6+ Kg5 21. Qg4+ Kh6 22. Qh5#) 16. Re1 Rd8 17. Rxe5+ {1-0 Van Gaalen-Van der
Werf/Niederlande/1996/}) 9... Ne7 10. Bxg7 (10. Nf3 f6 11. O-O e5 12. Nxe5 $1
fxe5 13. Bh5+ g6 14. Re1 Qh4 (14... Qxc4 15. Be2 Qf7 16. Bxa6 bxa6 17. Rxe5 O-O
18. Qd4 $44) 15. Bf3 O-O 16. Rxe5 Kf7 17. Qd6 Qf6 18. Qxf6+ Kxf6 19. Rae1 Nf5
20. Re7+ Kg5 21. Rxh7 Rd8 22. Re4 {1-0 Kosenko,N-Javorskij,S/corr/1993/94/})
10... Rg8 11. Bc3 Nd5 12. cxd5 Qxg2 $10 (12... Qxg2 13. dxe6 Bxe6 14. Bf6 Qxh1
15. Qd6 Rxg1+ 16. Kd2 Qd5+ 17. Qxd5 Bxd5 18. Rxg1 Kd7 19. Bxa6 bxa6 20. Rg7 Ke6
21. Bd4 Be4 22. Rg5 Bf5 23. Ke3 Rb8 {1/4-1/4 Mukherjee,AK-Slaughter,D/corr/
1995/})) 9. Qd2 (9. Nf3 Nd5 $1 $13) 9... Ng6 (9... Qxg2 $6 10. O-O-O Nd7 11.
Nf3 $16) (9... c5 $6 10. Bxc5 Nbc6 11. Nf3 O-O 12. O-O-O $1 $16) 10. Nh3 $1 {
N/ N} (10. O-O-O Qf4 11. Nh3 (11. Nf3 Na6 12. Bd6 Qxd2+ 13. Rxd2 f6 $15) 11...
Qxd2+ 12. Rxd2 f6 $15 {Beckhuis,G-Haba,P/Pardubice op/1994/}) (10. Nf3 Nf4 (
10... Nd7 11. O-O c5 12. Bc3 O-O 13. Bd3 $36) 11. O-O $5 Nxe2+ 12. Kh1 $44 {
Serper}) 10... f6 $5 (10... Nd7 11. O-O-O h6 (11... Qxg2 12. Ng5 $40 (12. Ng5 {
Dolmatov} c5 13. Bxc5 $16)) (11... b6 12. Bf3 $1 Qxc4+ 13. Kb1 a5 14. Ba3 $40)
12. Bd3 $5 Qxg2 13. Bxg6 Qxg6 14. Rhg1 Qe4 15. Nf4 $5 Qxc4+ 16. Kb1 $40) (10...
c5 {Dolmatov} 11. Bxc5 Nd7 12. O-O-O $16) (10... Na6 {Dolmatov} 11. O-O-O $16)
(10... Qxg2 11. O-O-O Bd7 12. Ng5 $36) 11. O-O-O Kf7 (11... Nd7 12. f3 Qh4 13.
Qd6 Kf7 14. Qc7 Ke8 15. Rd6 Nf4 16. Nxf4 Qxf4+ 17. Kb1 Qe5 18. Rhd1 a5 19. Ba3
$18) 12. f3 (12. g4 $5 e5 (12... Ne5 $6 13. f3 $1 Nxf3 14. Bxf3 Qxf3 15. Ng5+
$1 fxg5 16. Rhf1 $18) (12... c5 $5 13. Bxc5 b6 14. Be3 Ba6 $13) 13. f3 Qd4 14.
Qxd4 exd4 15. Rxd4 $14) 12... Qh4 (12... Qe5 $6 13. f4 (13. Bd6 Qh5 14. f4 Qh4
15. Bc5 Re8 $13) 13... Qc7 (13... Qf5 14. Rhf1 $1 c5 15. g4 Qe4 16. Ng5+ $18)
14. Bd6 Qd8 15. c5 $1 $16) 13. Bc5 $1 (13. f4 {Dolmatov}) (13. Qd6 Na6 14. Ba3
e5 {/\Bh3 Rhd8}) 13... e5 (13... Qh5 14. Be3 b6 15. Nf2 Qa5 16. Qxa5 bxa5 17.
Ne4 $44) (13... Nd7 {Dolmatov} 14. Bf2 Qh6 15. Be3) 14. Nf2 $1 (14. Bf2 Qh5 15.
f4 Bg4 $13) 14... f5 (14... Nd7 $6 15. g3 Qh5 16. Be3 $16 (16. Be3 Ne7 17. Ne4
$36)) (14... Na6 {Dolmatov} 15. g3 Qg5 16. Be3 Qf5 17. Ne4 $16) 15. g3 Qf6 (
15... Qh6 16. Be3 f4 17. gxf4 exf4 (17... Nxf4 18. Nd3 $1 $16) 18. Bd4 $40) 16.
Rhf1 $1 $16 Na6 (16... Nd7 17. Ba3 (17. Ne4 $2 fxe4 18. fxe4 Nxc5 $17 (18...
Nxc5 19. Rxf6+ gxf6 20. Qe3 Ne6 $17)) (17. Bd6 h6 18. Ne4 Qe6 $13) 17... Kg8 (
17... Qe6 18. Qc2 $1 $16 (18. Qc2 c5 19. Bd3 Ne7 $44) (18. Qe3 c5 19. Bxc5 Nxc5
20. Qxc5 Qc6 21. Qxc6 bxc6 22. Rd6 $40)) (17... Qe6 $1) 18. Qc2 $1 Qg5+ 19. f4
$16) 17. Ba3 Be6 (17... Kg8 18. Ne4 $1 $18) (17... c5 18. Ne4 Qc6 (18... Qe7
19. Nd6+ Kg8 20. f4 $1 $16) 19. Nd6+ Kg8 20. Qg5 $16) (17... Qe6 18. Ne4 h6 (
18... fxe4 19. fxe4+ Nf4 20. gxf4 $40) 19. Nd6+ Kg8 20. Bd3 Ne7 21. g4 $16) (
17... Ne7 18. Ne4 fxe4 (18... Qg6 19. Ng5+ $18) 19. fxe4 Nf5 20. exf5 h5 21. h3
Qh6 22. Qxh6 Rxh6 23. Rd8 $18) 18. Ne4 $1 fxe4 (18... Qd8 19. Ng5+ Kf6 20. Qc3
Qb6 21. f4 $18) 19. fxe4 Nf4 20. gxf4 Rhd8 21. Bd6 (21. fxe5 $6 Rxd2 22. Rxd2
Qxf1+ 23. Bxf1 c5 $1 $14) 21... Kg8 22. fxe5 Qh4 23. Qf4 $6 $138 (23. Qe3 $1
Rd7 24. Rf2 $18) 23... Qxf4+ 24. Rxf4 Re8 25. Rdf1 (25. Bh5 $5 g6 26. Be2 Rad8
27. h4 Nb8 28. Rg1 Nd7 29. h5 $16) 25... Rad8 26. h4 Nb8 27. Kc2 (27. Kd2 c5
28. Kc3 b6 29. Bd1 $1 $16) 27... Nd7 28. Kc3 Nf8 (28... Kh8 29. a4 Bg8 30. Rf5
Be6 31. Rg5 $16) 29. h5 h6 30. a4 Nh7 31. b4 a6 (31... Ng5 32. b5 $18) 32. c5
Ng5 33. Bc4 $1 Bxc4 34. Kxc4 g6 $2 (34... Rd7 35. Rf8+ Rxf8 36. Rxf8+ Kh7 37.
Re8 $18) (34... Kh7 35. Rf7 $1 (35. b5 {Dolmatov} axb5+ 36. axb5 $18) 35...
Nxf7 36. Rxf7 $18) (34... Ra8 $8 35. Kb3 Rac8 36. b5 $1 cxb5 37. axb5 Ne6 (
37... axb5 38. Kb4 $16) 38. c6 $1 bxc6 (38... Nxf4 39. cxb7 $18) 39. b6 Nxf4
40. Rxf4 $16) 35. hxg6 Kg7 36. Rf7+ $1 Kxg6 (36... Nxf7 37. gxf7 $18) 37. Rxb7
$18 Nxe4 38. Rf4 Nd2+ (38... Ng5 39. Rb6 $18) (38... Nxd6+ {Dolmatov} 39. exd6
$18) 39. Kd3 Kg5 40. Rf2 1-0

[Event "USA-ch"]
[Site "Seattle"]
[Date "2002.01.07"]
[Round "3"]
[White "Khmelnitsky, Igor N"]
[Black "Stripunsky, Alexander"]
[Result "1/2-1/2"]
[WhiteElo "2479"]
[BlackElo "2542"]
[Annotator "Khmelnitsky, I"]
[PlyCount "80"]
[EventDate "2002.01.05"]
[EventType "swiss"]
[EventRounds "9"]
[EventCountry "USA"]
[SourceTitle "CBM 087"]
[Source "ChessBase"]
[SourceDate "2002.03.21"]
[SourceVersion "1"]
[SourceVersionDate "2002.03.21"]
[SourceQuality "1"]

{After not paying serious chess for 6 years (only a handful of games), I have
started playing a little bit again, thanks to the new system of US
Championship qualification. Unlike in previous years when only top 14 or so
players were invited to play in the most prestigious chess event in USA, under
the new qualification system, everyone can claim a spot in the event.
Obviously, I felt very rusty since my main exposure to chess was with my
students and the Internet - playing 3 minute blitz games and managing my site
www.IamCoach.com. Fortunately, I did well against top competition - scoring
+1=4-2 against 7 GMs and +2 against Non-GM. In this game I am playing against
my old friend, with whom we first met years ago during Ukrainian junior events.
However, this was our first game. Beating GM Ivanov in the previous game, I
was in a peaceful mood, yet as the game progressed, it was war till the very
end.} 1. d4 d5 2. c4 e6 3. Nc3 Bb4 4. Qa4+ Nc6 5. Nf3 Bd7 (5... Nf6 6. Ne5 Bd7
7. Nxc6 Bxc3+ 8. bxc3 Bxc6 9. Qa3 Ne4 $11 {Paehtz,T-Dizdar,G/Halle 1987/CBM 05
(19)}) 6. Qb3 $146 (6. Qc2 $11) 6... Nf6 (6... Nge7 7. Bd2 dxc4 8. Qxc4 O-O 9.
e4 Nc8 10. Bd3 Bd6 11. a3 Nb6 12. Qa2 e5 13. d5 Ne7 14. h3 f5 15. Bg5 h6 16.
Bxe7 Qxe7 17. Nd2 Qg5 18. O-O-O Na4 19. Nxa4 Bxa4 20. h4 Qxg2 21. Rdf1 fxe4 22.
Bxe4 Qg4 23. Rhg1 Qxh4 24. Qc4 Rf4 25. Qxa4 b5 26. Qc2 Rxf2 27. Rxf2 Qxf2 28.
Rf1 Qb6 29. Qc6 Qc5+ 30. Qxc5 Bxc5 31. d6 Rc8 32. Bd5+ Kh8 33. d7 Rd8 34. Bc6
Be7 35. Nb3 Kg8 36. Na5 {1-0 Kuhn,G-Lodes,H/Bernkastel-Kues 1995/EXT 99 (36)})
7. Bd2 Qe7 8. a3 dxc4 9. Qxc4 Bd6 10. Nb5 {[%cal Gb5d6,Gc4c2,Rf6e4,Re4d2]
Aiming at gaining the Bishop pair, also opening passage back for the Queen. On
the other hand, White is not opposed to "losing" his bad Bishop on d2 for the
Nf6.} O-O 11. e3 Ne4 12. Bd3 Nxd2 13. Nxd2 Rac8 {Black is getting set to gain
control over the soon to be opened c-file.} 14. Qc2 g6 15. f4 $1 {Change of
plans! White is now looking to play against Bd6} (15. Nxd6 $6 cxd6 16. Qd1 Rc7
$32 {[%cal Rf8c8,Re6e5] Black is slightly better!}) 15... a6 16. Nc3 Na7 17.
Nde4 Bb5 {[%csl Ra7] Black eliminates his "bad" bishop, yet at the expense of
passive knight and weak pawn structure.} 18. Nxb5 axb5 19. Nxd6 cxd6 20. Qb3 $5
{Tough decision. I really like my position from the strategic standpoint, yet
the aggressive e6-e5 is a huge factor. I have decided to sacrifice a pawn and
convert into a complicated middlegame where my Bishop should be much stronger
than his Knight.} (20. Qd2 e5 $13) 20... e5 21. fxe5 {White gets more space}
Qh4+ 22. g3 Qg5 23. Be4 (23. exd6 $2 Qxe3+ 24. Kf1 Qf3+ 25. Kg1 Nc6 $15) 23...
dxe5 24. Bxb7 $13 (24. dxe5 $5 {I am still focusing on my original idea and
ignoring this interesting move!} Qxe5 (24... Nc6 25. O-O Qxe5 26. Bd5 $14) 25.
Bd5 Rce8 26. e4 Nc6 $13 {My King is a little unsafe!}) 24... Rc7 25. Bd5 exd4
26. O-O $44 (26. e4 $5 Rc1+ 27. Rxc1 Qxc1+ 28. Qd1 Qxb2 {Real unbalance!} (
28... Qe3+ 29. Qe2 Qc1+ 30. Qd1 Qe3+ $11)) 26... dxe3 $5 {Black prefers to
keep the Queens on the board. Some endgames are in White's favor due to the
Bishop's superiority over Knight in the open postions with unbalanced pawn
structures. Yet, here because of the 4 rooks and also because the Bishop is
vulnerable on d5, Qxe3 looks interesting!} (26... Qxe3+ $5 27. Qxe3 dxe3 28.
Rae1 Re8 {[#]} 29. Rf4 $1 {The Rook aims for b3 where it would attack b5, e3
and defend b2} (29. Rf3 Rce7 30. Kf1 e2+ 31. Kf2 Rd8 $17) 29... Re5 30. Bf3 Rc2
31. Rb4 $15 {[%cal Gb4b5,Gb4b2,Gb3e3]} Nc6 32. Bxc6 Rxc6 33. Re2 Kg7 34. Rb3
Rce6 35. Kg2 h5 36. Kf3 $11) 27. Rae1 Re7 28. Rf4 $44 {Because of the passive
Knight and weak pawn e3, I felt like I have good compensation.} Nc8 {Black is
trying to get the Knight into the game. For example from d6 the Knight would
protect weak pawns b5 and f7. Pawns b5 and f7 seem "poisoned". Pawn b5 due to
the pin. Pawn f7 due to White Queen being overloaded attacking pawn e3 and
defending Bd5.} {[#]} 29. Rxe3 $1 {Well, only one of the pawns was trully
"poisoned"!} (29. Qxb5 $2 Re5 30. Rxf7 Rxd5 (30... Rxf7 $2 31. Bxf7+ Kxf7 32.
Qc4+ Kg7 33. Qxc8 $16) 31. Rxf8+ Kxf8 $19) 29... Nd6 (29... Rxe3 $2 30. Bxf7+
$18 {In-between move!} Kg7 31. Qxe3 Rxf7 32. Rxf7+ {[%cal Ge3g5]} Kxf7 33. Qxg5
) 30. Rxe7 {The pressure on the backward pawn f7 grows} (30. h4 $5 {Forcing
the endgame is interesting. B+R are superior to N+R. Yet, Black has counter
chances due to weak pawn on g5.} Rxe3 31. hxg5 Rxb3 32. Bxb3 Rc8 {[%csl Rc4]} (
32... Re8 $6 33. Rf6 Re1+ 34. Kf2 Rb1 35. Bd5 Rxb2+ 36. Kf3 Nc4 37. Bxf7+ Kg7
38. Bd5 $16) 33. Kg2 Rc5 34. Rd4 Nc4 $14) 30... Qxe7 $14 {Position has become
stable. White's pieces are actively placed and Black has weak pawns b5 and f7.
However, White's King is not protected well. Also, Bd5 needs support.} 31. Qb4
Qe3+ 32. Kg2 Nf5 33. Qxb5 Rd8 {In time pressure, I missed this move and my
response was very weak. I saw that my King can hide on h3. Yet, I missed the
combination. Simple prophylactics would leave me with better chances!} {[#]}
34. Ba2 $4 (34. Kh3 $142 $1 $16) 34... Rd1 $2 $16 (34... Rd2+ $142 $1 {My
opponent saw the combination, yet he underestimated the Q+N vs. Q+B endgame.}
35. Kh3 Rxh2+ $1 36. Kxh2 Qxg3+ 37. Kh1 Qxf4 38. Qe8+ Kg7 39. Qxf7+ Kh6 $17 {
[#]Although material is equal, White is most likely helpless against Black's
mating threats as well as attack with the pawns and King.} 40. Qb7 $1 Ng3+ (
40... Ne3 41. Bg8 Qf1+ 42. Kh2 Ng4+ 43. Kg3 Nf6 44. Bd5 Kg5 $17) 41. Kg2 Ne4
42. Qb6 Kh5 $17) 35. Kh3 Rd2 {[%cal Gd2h2]} 36. Qb8+ Kg7 37. Qc7 {Defending Rf4
} Kh6 {[%cal Re3e2]} 38. Rxf5 (38. Bxf7 Qe2 $1 39. Rh4+ Kg5 (39... Nxh4 $6 40.
Qf4+ Kg7 41. Bc4 Qxh2+ 42. Kg4 $19) 40. Qf4+ Kf6 $19) (38. Qxf7 Rxh2+ 39. Kxh2
Qxg3+ 40. Kh1 Qxf4 $17 {See above 34...Rd2+ and 35...Rxh2}) 38... gxf5 39. Qxf7
{Black has to force a draw} Rxh2+ 40. Kxh2 Qe2+ {King can't escape from
checks! That was a very eventful game!} 1/2-1/2

[Event "RUS-ch"]
[Site "Elista"]
[Date "1995.??.??"]
[Round "8"]
[White "Zakharevich, Igor"]
[Black "Sveshnikov, Evgeny"]
[Result "1-0"]
[WhiteElo "2430"]
[BlackElo "2580"]
[Annotator "King,D"]
[PlyCount "43"]
[EventDate "1995.10.??"]
[EventType "swiss"]
[EventRounds "11"]
[EventCountry "RUS"]
[SourceTitle "CBM 050"]
[Source "ChessBase"]
[SourceDate "1996.02.01"]
[SourceVersion "1"]
[SourceVersionDate "1996.02.01"]
[SourceQuality "1"]

1. d4 d5 2. c4 e6 3. Nc3 c6 4. Nf3 dxc4 5. a4 Bb4 6. e4 Nf6 7. e5 Nd5 8. Bd2 b5
9. axb5 Bxc3 10. bxc3 cxb5 11. Ng5 Nc6 12. Qh5 Qe7 13. Be2 b4 14. Bxc4 Nxc3 15.
O-O Nxd4 16. Bxc3 bxc3 17. Rad1 g6 18. Qg4 Nf5 19. Ne4 Rb8 20. Qf4 Qh4 $4 (
20... h5 {might still have been okay for Black.}) 21. Nd6+ Kf8 22. Nxf5 $1 1-0

[Event "Rostock-10 GM Group"]
[Site "Rostock"]
[Date "1984.08.11"]
[Round "1"]
[White "Knaak, Rainer"]
[Black "Boensch, Uwe"]
[Result "1/2-1/2"]
[WhiteElo "2490"]
[BlackElo "2425"]
[Annotator "Knaak,R"]
[PlyCount "81"]
[EventDate "1984.08.11"]
[EventType "tourn"]
[EventRounds "9"]
[EventCountry "DDR"]
[EventCategory "8"]
[SourceTitle "MCL"]
[Source "ChessBase"]
[SourceDate "1999.07.01"]
[SourceVersion "1"]
[SourceVersionDate "1999.07.01"]
[SourceQuality "1"]

1. d4 d5 2. c4 e6 3. Nc3 Be7 4. cxd5 exd5 5. Bf4 c6 6. e3 Bd6 $1 7. Bxd6 (7.
Bg3 $2 Bf5 8. Qb3 Bxg3 9. hxg3 Qb6 10. Nf3 Nd7 11. Nh4 $14) 7... Qxd6 8. Bd3
Nf6 9. Qc2 Nbd7 10. Nf3 O-O 11. O-O Re8 12. Rae1 (12. a3 $142 $1 a5 13. Rae1)
12... g6 13. h3 a6 14. Re2 b5 15. Rc1 Bb7 16. Nd2 c5 17. dxc5 Qxc5 18. Nb3 Qb6
19. Qd1 Ne5 20. Bb1 Rac8 21. Qd4 Qxd4 22. exd4 Ned7 23. Na5 Ba8 24. Rxe8+ Nxe8
25. Ne2 Rxc1+ 26. Nxc1 Nd6 27. b4 Nb6 28. Ncb3 Na4 29. Nc5 Nc3 30. Bd3 Nxa2 31.
Nxa6 Nc1 $2 (31... Nc4 $142 $10) 32. Bf1 Nc4 33. Bxc4 dxc4 34. Nc7 Be4 35. Nxb5
Ne2+ 36. Kf1 Bd3 37. Ke1 Nf4 38. Kd2 (38. Nc3 $1 $16) 38... Nd5 39. Nc6 Bf1 40.
Nc3 Nb6 41. g3 1/2-1/2

[Event "Ubeda op 1st"]
[Site "Ubeda"]
[Date "1996.??.??"]
[Round "?"]
[White "Wells, Peter K"]
[Black "Korneev, Oleg"]
[Result "1-0"]
[WhiteElo "2495"]
[BlackElo "2590"]
[Annotator "Konikowski,J"]
[PlyCount "95"]
[EventDate "1996.01.??"]
[EventType "swiss"]
[EventRounds "10"]
[EventCountry "ESP"]
[SourceTitle "CBM 051 Extra"]
[Source "ChessBase"]
[SourceDate "1996.05.01"]
[SourceVersion "1"]
[SourceVersionDate "1996.05.01"]
[SourceQuality "1"]

1. d4 d5 2. c4 e6 3. Nc3 c6 4. e4 dxe4 5. Nxe4 Bb4+ 6. Bd2 Qxd4 7. Bxb4 Qxe4+
8. Ne2 Nd7 9. Qd6 a5 10. Ba3 (10. Bc3 Ngf6 11. b3 (11. O-O-O $2 Qxc4 12. b3 Qc5
$17) 11... c5 12. Rd1 Ra6 13. Qd2 O-O 14. f3 (14. Bxa5 b6 15. Bc3 Bb7 $15)
14... Qh4+ 15. g3 Qh5 16. Bg2 e5 17. O-O Re8 (17... a4 18. f4 axb3 19. axb3 e4
20. f5 $44) 18. Bxa5 Nf8 19. Bc3 Bd7 $15 {Stoica}) 10... Qe5 (10... Qxc4 $5)
11. Qd2 (11. O-O-O Qxd6 12. Bxd6 $13) 11... c5 (11... Ngf6 $5 12. O-O-O (12. f4
$5 {Dorfman,I}) 12... Ne4 13. Qe3 b5 14. f4 Qc7 15. Qxe4 b4 16. Bxb4 axb4 17.
Kb1 O-O $13 {Hauchard-Dorfman,I/Brüssel/1993/}) 12. f4 Qe4 13. O-O-O Ngf6 14.
Nc3 Qc6 15. Be2 O-O (15... Qxg2 16. Rhg1 Qxh2 17. Rxg7 $44) 16. Bf3 Qb6 17. g4
Nb8 18. Na4 Qc7 19. Qd6 Qxd6 20. Rxd6 Nfd7 (20... Ne8 21. Rd2 Nd7 22. Nxc5 $18)
21. Rhd1 (21. Nxc5 $5 Nxc5 22. Bxc5 $16) 21... Ra6 22. Nxc5 Rxd6 23. Rxd6 Nxc5
24. Bxc5 Re8 25. Bb6 a4 26. Kd2 f6 (26... Nd7 27. Be3 $16) 27. Kc3 Kf7 28. h4
Ke7 29. Bc5 Nd7 $2 (29... Kf7 $8) 30. Rxe6+ $1 Kd8 (30... Kxe6 31. Bd5#) 31.
Rxe8+ Kxe8 32. Bd4 Nb8 33. g5 fxg5 34. fxg5 g6 35. Bd5 Nc6 36. Bf6 Bd7 37. Bg8
Bg4 38. Bd5 (38. Bxh7 Kf7 39. b4 $16) 38... Kd7 39. Be4 Ke6 40. Bc2 a3 41. b4
Ne5 42. c5 Nf3 43. Be4 Nxh4 44. Bxb7 h5 45. b5 Kd7 (45... Bf3 46. Bc8+ Kd5 47.
Kb4 $18) 46. Bc6+ Kc8 47. b6 Nf3 (47... Bf3 48. b7+ Kc7 49. Be5+ $18) 48. Be7
1-0

[Event "POL-ch playoff"]
[Site "Poznan"]
[Date "1994.??.??"]
[Round "1"]
[White "Schmidt, Wlodzimierz"]
[Black "Matlak, Marek"]
[Result "1-0"]
[WhiteElo "2435"]
[BlackElo "2485"]
[Annotator "Konikowski,J"]
[PlyCount "76"]
[EventDate "1994.??.??"]
[EventType "match"]
[EventRounds "4"]
[EventCountry "POL"]
[SourceTitle "CBM 042"]
[Source "ChessBase"]
[SourceDate "1994.10.01"]
[SourceVersion "1"]
[SourceVersionDate "1994.10.01"]
[SourceQuality "1"]

1. c4 e6 2. Nc3 d5 3. d4 c6 4. e4 dxe4 5. Nxe4 Bb4+ 6. Bd2 Qxd4 7. Bxb4 Qxe4+
8. Be2 Na6 9. Bc3 (9. Bd6 Ne7 $2 (9... b6 10. Nf3 Bb7 11. O-O Rd8 12. Ne5 Ne7
13. Re1 Qh4 14. g3 Qf6 15. Ng4 Qg6 16. Ne5 Qf6 $10 {Sokolov,I}) (9... e5 10.
Nf3 f6 11. O-O Bf5 12. Rc1 c5 $2 (12... O-O-O $142) 13. Nxe5 $1 fxe5 14. Bh5+
Bg6 15. Re1 Qd4 16. Rxe5+ Kd7 17. Bg4+ (17. Bxc5 $5) 17... Kxd6 18. Rd5+ Ke7
19. Rxd4 cxd4 20. Qxd4 Nf6 21. Re1+ Kf8 22. Qd6+ Kg8 23. Be6+ Bf7 24. Bxf7+ {
1-0 Ziembinski,M-Djaja/Warszawa/1959/} (24. Bxf7+ Kxf7 25. Re7+ Kg6 26. Qg3+
$18)) 10. Nf3 Nf5 11. O-O $1 c5 (11... Nxd6 12. Qxd6 Qxe2 13. Rad1 $18) 12. Bd3
Qc6 13. Bxf5 exf5 14. Ne5 {1-0 Ziembinski,M-Mannke,M/Koszalin/1961/}) 9... Ne7
(9... e5 $5 10. Qd6 Ne7 11. Rd1 Be6 12. Nf3 Nf5 13. Qxe5 Qxe5 14. Nxe5 f6 15.
Nf3 c5 16. g4 Ne7 17. g5 (17. Nd2 O-O-O 18. O-O Nc6 19. Ne4 Kc7 20. f4 Nd4 $10
{Knaak,R-Dokhoian,Y/Erevan/1988/}) 17... Kf7 18. gxf6 gxf6 19. Nh4 h5 $10 {
Semkov,S-Spasov,A/Bulgaria/1992/}) (9... Nf6 10. Nf3 Bd7 11. Ne5 Rd8 12. Qd2 (
12. O-O Nc5 13. Re1 Bc8 14. Qc1 O-O 15. Bf3 Qh4 16. g3 Qh3 17. Bb4 $16 {
Arkhipov,S-Vera,R/Sochi/1985/}) 12... O-O 13. f3 Qh4+ 14. g3 Qh3 15. Bf1 Qh6
16. Qxh6 gxh6 17. O-O-O $13 {Flohr,S-Yudovich/Moscow/1944/}) 10. Bxg7 (10. Nf3
O-O 11. O-O Ng6 (11... f6 12. b4 Qf4 13. a3 Ng6 14. Bd3 e5 15. Bd2 Qg4 16. Re1
Qd7 17. Qc2 Rd8 18. Bxg6 hxg6 19. Qxg6 Qf5 20. Qxf5 Bxf5 21. Be3 Nc7 22. Red1
b6 23. Rd2 Ne6 $10 {Malaniuk,V-Matlak,M/Poland/1992/}) 12. Re1 f6 13. b4 e5 14.
b5 cxb5 15. cxb5 Nc5 16. Bf1 Qg4 17. h3 Qd7 18. Bc4+ Kh8 19. Bb4 b6 20. Qxd7
Bxd7 21. Bxc5 bxc5 22. Nd2 Nf4 23. Ne4 Be6 {1/4-1/4 Bronstein,D-Matlak,M/
Polanica Zdroj/1987/}) 10... Rg8 11. Bf6 Rg6 (11... Qf4 12. Bc3 Rxg2 13. Nf3 f6
(13... Nf5 14. Be5 Qh6 15. Bd3 (15. Qd2 Rg8 (15... Qxd2+ 16. Nxd2 Rg6 17. Ne4
$16) 16. Bf4 Qf8 17. O-O-O Qe7 18. Rhg1 $16 {Lautier}) 15... f6 16. Bxf5 fxe5
17. Bc2 Bd7 18. Qc1 Qxc1+ 19. Rxc1 $14 {Flear,G-Novikov/Antwerpen/1993/}) 14.
Qd2 Qxd2+ 15. Nxd2 e5 16. Ne4 Kf7 17. Rd1 (17. Ng3 Ng6 18. Bf3 Nh4 19. Bxg2
Nxg2+ 20. Ke2 $14 {Lautier}) 17... Rg8 18. f4 $16 {Lautier,J-Gurevich,M/Biel/
1993/}) 12. Bxe7 Kxe7 13. Qd2 e5 14. Rd1 Bf5 $2 (14... Be6 $142 15. f3 Qd4 16.
Qxd4 exd4 17. Kf2 Rd8 18. Bd3 Rg5 19. Ne2 h5 20. h4 Ra5 21. a3 Nc5 22. Bb1 Nb3
23. Bc2 Bxc4 $13 {Vaisser,A-Savchenko,S/Moscow/1992/}) 15. Nf3 Rxg2 16. Qd6+
Ke8 17. Qf6 Rb8 18. Nxe5 Be6 19. Rd7 $1 Qb1+ (19... Bxd7 20. Qxf7+ Kd8 21.
Qxd7#) 20. Bd1 Qe4+ 21. Kf1 Bxc4+ 22. Nxc4 Qxc4+ 23. Be2 (23. Kxg2 $2 Kxd7 $13)
23... Qe6 24. Qxe6+ fxe6 25. Rxh7 $16 Rg8 26. h4 Kf8 27. Rg1 Nc5 28. Rg3 Rxg3
29. fxg3 Kg8 30. Rc7 Rf8+ 31. Kg2 Rf7 32. Rc8+ Kg7 33. b4 Ne4 34. Bf3 Nc3 35.
a3 Rd7 36. g4 e5 37. g5 (37. Re8 $5 Kf6 38. g5+ Kf5 39. Rf8+ Kg6 40. Rf6+ Kg7
41. h5 e4 42. h6+ Kg8 43. Bg4 Rd2+ 44. Kg3 $18) 37... e4 38. Bg4 Rd2+ (38...
Re7 39. h5 e3 40. Bf5 e2 41. h6+ Kf7 42. h7 e1=Q 43. Rf8+ $1 Kxf8 44. h8=Q+ Kf7
45. g6#) 1-0